[Event "HZ Chess Tournament 2022"]
[Site "Vlissingen, Netherlands"]
[Date "2022.08.07"]
[Round "3.45"]
[White "Warnaar, Alisha"]
[Black "Kompaan, Rick"]
[Result "1-0"]
[WhiteElo "2037"]
[BlackElo "1797"]
[PlyCount "59"]

1. e4 c5 2. Nf3 d6 3. d4 cxd4 4. Nxd4 Nf6 5. Nc3 g6 6. Be3 Bg7 7. f3 O-O 8. Qd2
Nc6 9. O-O-O d5 10. exd5 Nxd5 11. Nxc6 bxc6 12. Bd4 e5 13. Bc5 Be6 14. Bc4 Nxc3
15. Qxc3 Qg5+ 16. Kb1 e4 17. Bd4 Bxd4 18. Qxd4 Rad8 19. Qxe4 Bf5 20. Qe2 Rfe8
21. Rxd8 Rxd8 22. g4 Bc8 23. Rd1 Kg7 24. Rxd8 Qxd8 25. a3 Qd6 26. h4 Qf4 27.
Qd3 h5 28. gxh5 Bf5 29. Qc3+ Kh6 30. Qh8# 1-0

[Event "HZ Chess Tournament 2022"]
[Site "Vlissingen, Netherlands"]
[Date "2022.08.07"]
[Round "3.46"]
[White "Leentjens, Gilbert"]
[Black "Emans, Job"]
[Result "0-1"]
[WhiteElo "1810"]
[BlackElo "2035"]
[PlyCount "78"]

1. e4 e6 2. d4 d5 3. Nc3 Nf6 4. e5 Nfd7 5. f4 c5 6. Nf3 Nc6 7. Be3 a6 8. Qd2 b5
9. dxc5 Bxc5 10. Nd4 Qb6 11. O-O-O Bb7 12. Kb1 Rc8 13. h4 Qc7 14. Ncxb5 axb5
15. Nxb5 Qb6 16. Nd6+ Ke7 17. Bxc5 Nxc5 18. Nxc8+ Rxc8 19. Rh3 Ne4 20. Qe3 Qb4
21. Rf3 Ke8 22. a3 Qa5 23. Qd3 Rb8 24. Kc1 Kf8 25. Qb5 Qa7 26. Qe2 Nb4 27. Qe3
Na2+ 28. Kb1 Nac3+ 29. Kc1 Qxe3+ 30. Rxe3 Nxd1 31. Kxd1 Bc6 32. Kc1 Ke7 33. Bd3
Nc5 34. Bxh7 d4 35. Rg3 Rh8 36. Bd3 Rxh4 37. Rxg7 Rxf4 38. Rg8 Nxd3+ 39. cxd3
Rf1+ 0-1

[Event "HZ Chess Tournament 2022"]
[Site "Vlissingen, Netherlands"]
[Date "2022.08.07"]
[Round "3.47"]
[White "Spears, Russell"]
[Black "Lichtmannecker, Daniel"]
[Result "1/2-1/2"]
[WhiteElo "1786"]
[BlackElo "2031"]
[PlyCount "160"]

1. c4 e5 2. g3 c6 3. Bg2 d5 4. d4 e4 5. Nc3 Nf6 6. Bg5 Be7 7. Nh3 dxc4 8. O-O
Bf5 9. f3 exf3 10. Rxf3 Bg4 11. Rf4 Nbd7 12. Nf2 Bh5 13. g4 Nxg4 14. Bxe7 Nxf2
15. Kxf2 Kxe7 16. Qd2 Re8 17. Ne4 Kf8 18. Ng3 Bg6 19. h4 Nf6 20. e4 h5 21. Kg1
Ng4 22. Rxg4 hxg4 23. h5 Bh7 24. h6 g6 25. Rf1 Re6 26. Qf2 Qe7 27. d5 Rd6 28.
dxc6 Rxc6 29. e5 Qc5 30. Bxc6 Qxf2+ 31. Rxf2 bxc6 32. Ne4 g3 33. Rf6 Re8 34.
Nd6 Re7 35. Nxc4 g5 36. Rxc6 Bf5 37. Kf1 Kg8 38. b4 Kh7 39. a4 Bd3+ 40. Kg1
Bxc4 41. Rxc4 Kxh6 42. Rc5 Kh5 43. Kg2 Kh4 44. Rc4+ g4 45. Rc5 Rd7 46. Rc2 Rd4
47. Rb2 Re4 48. b5 Rxa4 49. b6 axb6 50. Rxb6 Ra2+ 51. Kg1 Rf2 52. Rh6+ Kg5 53.
Rh8 Rf5 54. Re8 Kf4 55. e6 fxe6 56. Rxe6 Kf3 57. Ra6 Rb5 58. Ra3+ Kf4 59. Ra4+
Kg5 60. Ra8 Kh4 61. Rh8+ Rh5 62. Ra8 Kh3 63. Ra2 Rb5 64. Ra1 Rb2 65. Rc1 Rg2+
66. Kh1 Rf2 67. Kg1 Rf3 68. Rc2 g2 69. Rxg2 g3 70. Ra2 Rb3 71. Ra1 Rb2 72. Rc1
Rg2+ 73. Kh1 Rf2 74. Kg1 Rf3 75. Rc2 Ra3 76. Rc1 g2 77. Rb1 Kg3 78. Rc1 Rf3 79.
Ra1 Rf1+ 80. Rxf1 gxf1=N 1/2-1/2

[Event "HZ Chess Tournament 2022"]
[Site "Vlissingen, Netherlands"]
[Date "2022.08.07"]
[Round "3.48"]
[White "Hematyar, Fardin"]
[Black "Van Wijk, Peter"]
[Result "1-0"]
[WhiteElo "1777"]
[BlackElo "2016"]
[PlyCount "83"]

1. e4 c5 2. c3 Nf6 3. e5 Nd5 4. d4 cxd4 5. cxd4 e6 6. Nc3 Nxc3 7. bxc3 Qc7 8.
Bd2 Nc6 9. Bd3 b6 10. Ne2 Bb7 11. O-O d5 12. Qa4 Be7 13. Rfc1 Qd7 14. Qd1 O-O
15. Ng3 f5 16. Nh5 g6 17. Ng3 Na5 18. Bh6 Rf7 19. Nf1 Ba3 20. Nd2 Bxc1 21. Rxc1
Bc6 22. Qe2 b5 23. h4 Nc4 24. Nf3 Rb8 25. Ng5 b4 26. Rb1 a5 27. Nxf7 Kxf7 28.
g4 Na3 29. Rc1 Bb5 30. gxf5 exf5 31. cxb4 Bxd3 32. Qxd3 Nc4 33. bxa5 Qb5 34.
Qg3 Ra8 35. e6+ Kxe6 36. Qc7 Qxa5 37. Qxh7 Nd6 38. Qxg6+ Kd7 39. Qg7+ Ke6 40.
Bg5 Ra7 41. Qf6+ Kd7 42. Qe7# 1-0

[Event "HZ Chess Tournament 2022"]
[Site "Vlissingen, Netherlands"]
[Date "2022.08.07"]
[Round "3.49"]
[White "Riksen, John"]
[Black "Arnold, Rhys"]
[Result "0-1"]
[WhiteElo "2014"]
[BlackElo "1777"]
[PlyCount "106"]

1. Nf3 d5 2. d4 Nf6 3. e3 c6 4. Bd3 e6 5. Nbd2 Nbd7 6. O-O Bd6 7. Re1 O-O 8. e4
dxe4 9. Nxe4 Nxe4 10. Bxe4 h6 11. c4 Nf6 12. Bc2 c5 13. Be3 b6 14. dxc5 Bxc5
15. Bxc5 bxc5 16. Qe2 Bb7 17. Rad1 Bxf3 18. Qxf3 Qb6 19. b3 Rad8 20. Qe3 Rd4
21. Rxd4 cxd4 22. Qd3 Qa5 23. Ra1 e5 24. f3 Qa3 25. Re1 Re8 26. Bb1 Qb4 27. Re2
g6 28. Qd2 Qf8 29. b4 Kg7 30. a4 Rb8 31. c5 Nd5 32. Rxe5 Nxb4 33. c6 Nxc6 34.
Rb5 a6 35. Rxb8 Qxb8 36. Be4 Qb4 37. Qd1 Nd8 38. h4 Ne6 39. h5 g5 40. Bc2 Nf4
41. g3 Nxh5 42. Kf2 Qc3 43. a5 Nf6 44. Qd3 Qxa5 45. Qxd4 Qa2 46. Qd1 Qd5 47.
Qe2 a5 48. Bb1 Qe6 49. Qb2 Qh3 50. Qb8 Qh2+ 51. Kf1 a4 52. Be4 a3 53. Qe5 Qh1+
0-1

[Event "HZ Chess Tournament 2022"]
[Site "Vlissingen, Netherlands"]
[Date "2022.08.07"]
[Round "3.50"]
[White "De Wolf, Johan"]
[Black "Kools, Jasper"]
[Result "1-0"]
[WhiteElo "2010"]
[BlackElo "1774"]
[PlyCount "83"]

1. d4 d5 2. Nf3 Nf6 3. c4 e6 4. g3 Be7 5. Bg2 O-O 6. O-O dxc4 7. Qc2 a6 8. Qxc4
b5 9. Qc2 Bb7 10. Bd2 Be4 11. Qc1 Nbd7 12. Ba5 Nb6 13. Nbd2 Bb7 14. e3 Rc8 15.
b4 Nfd7 16. Qc2 Bf6 17. Ng5 Bxg5 18. Bxb7 Rb8 19. Bxa6 h5 20. Bxb5 Nd5 21. Be2
h4 22. Nf3 hxg3 23. hxg3 Bh6 24. b5 Qf6 25. Qe4 g6 26. Kg2 Qe7 27. Rh1 Bg7 28.
Qh4 f6 29. Qh7+ Kf7 30. Nh4 Rg8 31. Qxg6+ Kf8 32. Qd3 Qd6 33. Bh5 Ne7 34. Qc4
Bh6 35. Bxc7 Qd5+ 36. Qxd5 Nxd5 37. Bxb8 Nxb8 38. Bf3 Nc3 39. Rhc1 Nxb5 40.
Rc8+ Kg7 41. Rxg8+ Kxg8 42. Rb1 1-0

[Event "HZ Chess Tournament 2022"]
[Site "Vlissingen, Netherlands"]
[Date "2022.08.07"]
[Round "3.51"]
[White "Godding, Mick"]
[Black "De Boer, Robert"]
[Result "0-1"]
[WhiteElo "1773"]
[BlackElo "2005"]
[PlyCount "60"]

1. e4 e6 2. d4 d5 3. exd5 exd5 4. Bd3 Nf6 5. Nf3 c5 6. c3 Nc6 7. O-O Be7 8. Be3
c4 9. Bc2 O-O 10. b3 b5 11. a4 b4 12. bxc4 dxc4 13. cxb4 Nxb4 14. Ne5 Bb7 15.
Nc3 Nfd5 16. Nxd5 Qxd5 17. f3 Nxc2 18. Qxc2 f6 19. Ng4 Bb4 20. Rab1 a5 21. Nf2
Rfe8 22. Ne4 Rac8 23. Bf2 Qf5 24. Be1 c3 25. Bf2 Bxe4 26. fxe4 Qxe4 27. Qb3+
Qe6 28. d5 Qd6 29. Rfe1 Red8 30. Rbc1 Kf8 0-1

[Event "HZ Chess Tournament 2022"]
[Site "Vlissingen, Netherlands"]
[Date "2022.08.07"]
[Round "3.52"]
[White "De Feijter, David"]
[Black "Hoffman, Ron"]
[Result "0-1"]
[WhiteElo "1758"]
[BlackElo "1999"]
[PlyCount "92"]

1. c4 g6 2. Nc3 Bg7 3. g3 d6 4. Bg2 Nf6 5. d4 O-O 6. Nf3 Nc6 7. O-O e5 8. d5
Nb8 9. Bg5 h6 10. Bd2 a5 11. h3 Na6 12. Ne1 Nc5 13. Nd3 Nfd7 14. Nxc5 Nxc5 15.
e4 f5 16. f3 f4 17. g4 Bd7 18. Be1 Bf6 19. Kf2 Bh4+ 20. Ke2 h5 21. Bxh4 Qxh4
22. Qe1 Qxe1+ 23. Raxe1 Kg7 24. Rh1 Rh8 25. Rb1 a4 26. Kd2 Ra5 27. Kc2 b5 28.
b4 axb3+ 29. axb3 b4 30. Nd1 Ra2+ 31. Rb2 Rha8 32. Nf2 Rxb2+ 33. Kxb2 Ra3 34.
Rb1 Rxb3+ 35. Kc2 Ba4 36. Rxb3 Bxb3+ 37. Kb2 Bxc4 38. Nd1 Nd3+ 39. Kb1 Ne1 40.
Bh1 Be2 41. Nf2 Bxf3 42. Bxf3 Nxf3 43. Kb2 hxg4 44. hxg4 Nd4 45. g5 Kf7 46. Nd3
f3 0-1